Census and identity : the politics of race, ethnicity, and language in national censuses
Αποθηκεύτηκε σε:
| Άλλοι συγγραφείς: | , |
|---|---|
| Μορφή: | Βιβλίο |
| Γλώσσα: | English |
| Δημοσίευση: |
Cambridge, UK :
Cambridge University Press,
2002
|
| Σειρά: | New perspectives on anthropological and social demography
|
| Θέματα: | |
| Ετικέτες: |
Προσθήκη ετικέτας
Δεν υπάρχουν, Καταχωρήστε ετικέτα πρώτοι!
|
MARC
| LEADER | 00000nam a2200000 i 4500 | ||
|---|---|---|---|
| 001 | 1/87982 | ||
| 008 | 080606s2002 eng d | ||
| 020 | |a 978-0-521-80823-1 (hbk.) | ||
| 020 | |a 0-521-80823-5 (hbk.) | ||
| 035 | |l 10098003 | ||
| 040 | |a GR-MY-UA |b gre |e aacr | ||
| 041 | 0 | |a eng | |
| 082 | 0 | |a 306.2 |2 (22) | |
| 245 | 1 | 0 | |a Census and identity : |b the politics of race, ethnicity, and language in national censuses / |c edited by David I. Kertzer and Dominique Arel |
| 260 | |a Cambridge, UK : |b Cambridge University Press, |c 2002 | ||
| 300 | |a xi, 210 σ.; |c 24 εκ. | ||
| 490 | 1 | |a New perspectives on anthropological and social demography | |
| 504 | |a Περιέχει βιβλιογραφικές παραπομπές και ευρετήριο | ||
| 650 | 0 | 0 | |a Census |x Methodology |x Case studies. |
| 650 | 0 | 0 | |a Race |x Case studies. |
| 650 | 0 | 0 | |a Ethnicity |x Case studies. |
| 650 | 0 | 0 | |a Linguistic demography |x Case studies. |
| 700 | 1 | |a Kertzer, David I. |d 1948- |4 edt | |
| 700 | 1 | |a Arel, Dominique |d 1959- |4 edt | |
| 830 | 0 | |a New perspectives on anthropological and social demography | |
| 852 | |a INST |b LESVOS |e 20080606 |h 306.2 CEN |p 005100042304 |q 005100042304 |t BK |y 0 | ||
| 901 | |a BIBL1-2008-2 | ||
| 909 | |a Λ |b 151586 | ||
| 922 | |a 1ΕΛΗ |b 200803 |c ΕΠΕΑΕΚ2/ΤΚΑ |d ΕΛΕΥΘΕΡΟΥΔΑΚΗΣ | ||
| 970 | |a ΓΙΑΛΑΜΑ |b ΜΑΡΙΑ |z 2008/06/06 | ||